[Event "4NCL"]
[Site "De Vere, Sunningdale, ENG"]
[Date "2011.02.19"]
[Round "5.41"]
[White "Garnett, John S"]
[Black "Marley, Andrew"]
[Result "1/2-1/2"]
[WhiteElo "2028"]
[BlackElo "1854"]
[PlyCount "38"]
[EventDate "2011.??.??"]
[WhiteTeam "e2e4.org.uk 2"]
[BlackTeam "AMCA Hippos"]

1. d4 Nf6 2. Bg5 d5 3. Bxf6 exf6 4. e3 Bd6 5. g3 f5 6. Bg2 c6 7. Ne2 Nd7 8. b3
Nf6 9. c4 Bb4+ 10. Kf1 O-O 11. cxd5 Nxd5 12. Nd2 Re8 13. Nc4 f6 14. Qd3 Be6 15.
a3 Bf8 16. Nf4 Qd7 17. Ke2 Rad8 18. Rhd1 Nxf4+ 19. gxf4 Bd5 1/2-1/2

[Event "4NCL"]
[Site "De Vere, Sunningdale, ENG"]
[Date "2011.02.19"]
[Round "5.41"]
[White "Dixit, Kumar"]
[Black "Flynn, David"]
[Result "0-1"]
[WhiteElo "1650"]
[BlackElo "2061"]
[PlyCount "104"]
[EventDate "2011.??.??"]
[WhiteTeam "AMCA Hippos"]
[BlackTeam "e2e4.org.uk 2"]

1. d4 Nf6 2. Nf3 g6 3. c4 Bg7 4. Nc3 d5 5. cxd5 Nxd5 6. e4 Nxc3 7. bxc3 c5 8.
Be3 Qa5 9. Qd2 cxd4 10. cxd4 Qxd2+ 11. Kxd2 O-O 12. Bc4 Nc6 13. a4 Rd8 14. Kc3
Bg4 15. Ng5 Nxd4 16. e5 Ne6 17. Rae1 Bxe5+ 18. Kb3 Nxg5 19. Bxg5 Bf6 20. Bxf6
exf6 21. Re7 Rd7 22. Bxf7+ Kf8 23. Rxd7 Bxd7 24. Bd5 Re8 25. Rd1 Be6 26. Bxe6
Rxe6 27. Rd2 Ke7 28. Kc4 Re4+ 29. Kb5 Re5+ 30. Kb4 b6 31. g3 h6 32. f4 a5+ 33.
Kb3 Re3+ 34. Kc4 Re4+ 35. Rd4 Rxd4+ 36. Kxd4 Kd6 37. Kc4 Kc6 38. g4 h5 39. g5
fxg5 40. fxg5 h4 41. h3 b5+ 42. axb5+ Kb6 43. Kb3 Kxb5 44. Ka3 Kc4 45. Ka4 Kd4
46. Kxa5 Ke4 47. Kb4 Kf4 48. Kc3 Kg3 49. Kd3 Kxh3 50. Ke3 Kg2 51. Kf4 h3 52.
Kg4 h2 0-1

[Event "4NCL"]
[Site "De Vere, Sunningdale, ENG"]
[Date "2011.02.19"]
[Round "5.42"]
[White "Vas, Peter J"]
[Black "Adams, Mark A"]
[Result "1-0"]
[WhiteElo "2293"]
[BlackElo "2040"]
[PlyCount "57"]
[EventDate "2011.??.??"]
[WhiteTeam "UCL"]
[BlackTeam "The Full Ponty"]

1. e4 c5 2. Nf3 a6 3. c4 e6 4. Nc3 Qc7 5. d4 cxd4 6. Nxd4 Nf6 7. a3 Be7 8. Be3
d6 9. Be2 Nbd7 10. Rc1 O-O 11. O-O b6 12. b4 Bb7 13. f3 Rac8 14. Qd2 Rfe8 15.
Rfd1 Bf8 16. Bf1 Qb8 17. Nb3 Rc7 18. Qf2 Ba8 19. Na4 Rb7 20. c5 bxc5 21. Na5
Rb5 22. Bxb5 axb5 23. Nc3 d5 24. bxc5 dxe4 25. c6 exf3 26. cxd7 Ng4 27. Qg3
Nxe3 28. Qxb8 Nxd1 29. dxe8=Q 1-0

[Event "4NCL"]
[Site "De Vere, Sunningdale, ENG"]
[Date "2011.02.19"]
[Round "5.42"]
[White "Davis, Lee"]
[Black "Ertbjerg, Andreas"]
[Result "1-0"]
[WhiteElo "1974"]
[BlackElo "2031"]
[PlyCount "65"]
[EventDate "2011.??.??"]
[WhiteTeam "The Full Ponty"]
[BlackTeam "UCL"]

1. d4 c5 2. d5 e6 3. c4 exd5 4. cxd5 Nf6 5. Nc3 Bd6 6. g3 O-O 7. Bg2 Bc7 8. Nf3
Ba5 9. O-O Bxc3 10. bxc3 d6 11. Bf4 Na6 12. Nd2 Nh5 13. e4 Nxf4 14. gxf4 Qh4
15. Qf3 Bg4 16. Qg3 Qxg3 17. fxg3 f6 18. Rfe1 Nc7 19. Nc4 Rad8 20. e5 dxe5 21.
d6 Nb5 22. Bd5+ Kh8 23. fxe5 fxe5 24. Nxe5 Bh5 25. d7 Nxc3 26. Bxb7 Ne2+ 27.
Kg2 Rf5 28. Bf3 Rxe5 29. Bxh5 Rxh5 30. Rxe2 Rf5 31. Re8+ Rf8 32. Rxd8 Rxd8 33.
Re1 1-0

[Event "4NCL"]
[Site "De Vere, Sunningdale, ENG"]
[Date "2011.02.19"]
[Round "5.42"]
[White "Sirisena, Chantal N"]
[Black "Perrett, David C"]
[Result "0-1"]
[WhiteElo "1961"]
[BlackElo "1961"]
[PlyCount "94"]
[EventDate "2011.??.??"]
[WhiteTeam "UCL"]
[BlackTeam "The Full Ponty"]

1. e4 Nf6 2. e5 Nd5 3. c4 Nb6 4. d4 d6 5. f4 Bf5 6. Nc3 dxe5 7. fxe5 e6 8. Be3
Bb4 9. Be2 c5 10. a3 Bxc3+ 11. bxc3 Nc6 12. Nf3 O-O 13. O-O Rc8 14. Rc1 Na5 15.
Bg5 Qd7 16. dxc5 Qxd1 17. Rcxd1 Na4 18. Rd7 Nxc5 19. Rd4 Nc6 20. Rdd1 Ne4 21.
Bd2 Rfd8 22. Be1 Rxd1 23. Bxd1 Nc5 24. Be2 Nd3 25. Bg3 Nb2 26. Bf2 Na4 27. Bd4
Nxd4 28. cxd4 Nc3 29. Re1 Nxe2+ 30. Rxe2 Rxc4 31. Rb2 Rc7 32. Rb4 Be4 33. Nd2
Bd5 34. g3 Rc2 35. Nb3 g5 36. Nc5 Rg2+ 37. Kf1 Rxh2 38. Nxb7 Ra2 39. a4 Bxb7
40. Rxb7 Rxa4 41. Ke2 Rxd4 42. Rxa7 Re4+ 43. Kf3 Rxe5 44. Kg4 Kg7 45. Kh5 h6
46. Kg4 Kg6 47. Kf3 h5 0-1

[Event "4NCL"]
[Site "De Vere, Sunningdale, ENG"]
[Date "2011.02.19"]
[Round "5.42"]
[White "Kovacik, Filip"]
[Black "Roberts, Lynda"]
[Result "0-1"]
[WhiteElo "1700"]
[BlackElo "1976"]
[PlyCount "62"]
[EventDate "2011.??.??"]
[WhiteTeam "UCL"]
[BlackTeam "The Full Ponty"]

1. d4 f5 2. Bf4 Nf6 3. e3 g6 4. h4 h6 5. Bd3 d6 6. Nf3 Bg7 7. c4 Na6 8. b4 c5
9. a3 Bd7 10. Qb3 Ng4 11. Bg3 cxd4 12. exd4 e5 13. dxe5 dxe5 14. Ra2 e4 15. Re2
O-O 16. Bxe4 fxe4 17. Rxe4 Bf5 18. Re2 Qd3 19. Nbd2 Rfe8 20. c5+ Qxb3 21. Nxb3
Bc3+ 22. Kd1 Rad8+ 23. Bd6 Rxe2 24. Kxe2 Re8+ 25. Kf1 Bd3+ 26. Kg1 Be1 27. Bg3
Re2 28. Nc1 Bxf2+ 29. Bxf2 Rxf2 30. Nxd3 Ra2 31. Nfe5 Ra1+ 0-1

[Event "4NCL"]
[Site "De Vere, Sunningdale, ENG"]
[Date "2011.02.19"]
[Round "5.43"]
[White "Tandy, Chris"]
[Black "Deswarte, Ian"]
[Result "1-0"]
[WhiteElo "2166"]
[BlackElo "1876"]
[PlyCount "75"]
[EventDate "2011.??.??"]
[WhiteTeam "Channel Isolani"]
[BlackTeam "Guildford A&DC 4"]

1. e4 e5 2. f4 Bc5 3. Nf3 d5 4. Nxe5 dxe4 5. Qh5 Nh6 6. Nxf7 Bf2+ 7. Kxf2 Qd4+
8. Ke1 Nxf7 9. Nc3 c6 10. Qe2 O-O 11. Qe3 Qd8 12. Nxe4 Bf5 13. d3 Nd7 14. Be2
Nf6 15. Bf3 Re8 16. Kf2 Bxe4 17. dxe4 Rxe4 18. Qb3 Qd4+ 19. Be3 Rxe3 20. Qxe3
Qxb2 21. Rhe1 Qxc2+ 22. Re2 Qf5 23. Kg1 h5 24. Rae1 a5 25. Be4 Qd7 26. Bg6 Nh8
27. f5 Nxg6 28. fxg6 Kf8 29. Qe7+ Qxe7 30. Rxe7 Rb8 31. Rf7+ Kg8 32. Ree7 Ne8
33. Rxb7 Rd8 34. Rfd7 Rc8 35. Ra7 c5 36. Rxa5 c4 37. Rda7 c3 38. Ra8 1-0

[Event "4NCL"]
[Site "De Vere, Sunningdale, ENG"]
[Date "2011.02.19"]
[Round "5.43"]
[White "Quinn, Joseph R"]
[Black "Carpenter, Richard"]
[Result "1-0"]
[WhiteElo "1827"]
[BlackElo "1914"]
[PlyCount "55"]
[EventDate "2011.??.??"]
[WhiteTeam "Guildford A&DC 4"]
[BlackTeam "Channel Isolani"]

1. e4 g6 2. Nc3 Bg7 3. d4 d6 4. Bc4 Nf6 5. Nf3 Bg4 6. h3 Bxf3 7. Qxf3 Nbd7 8.
Be3 c6 9. O-O-O e6 10. Bf4 Nb6 11. Bb3 a5 12. a4 O-O 13. Bg5 Nxa4 14. Bxa4 b5
15. e5 bxa4 16. Nxa4 dxe5 17. dxe5 Qb8 18. Bxf6 Qb5 19. Bxg7 Kxg7 20. Qf6+ Kg8
21. b3 Qb4 22. h4 h5 23. g4 Qa3+ 24. Kb1 Rab8 25. Rd4 Rxb3+ 26. cxb3 Qxb3+ 27.
Nb2 Rb8 28. Rd8+ 1-0

[Event "4NCL"]
[Site "De Vere, Sunningdale, ENG"]
[Date "2011.02.19"]
[Round "5.43"]
[White "Carpenter, Paul"]
[Black "Armour, Philip"]
[Result "1-0"]
[WhiteElo "1866"]
[BlackElo "1826"]
[PlyCount "49"]
[EventDate "2011.??.??"]
[WhiteTeam "Channel Isolani"]
[BlackTeam "Guildford A&DC 4"]

1. d4 d6 2. e3 g6 3. f4 Bg7 4. Nf3 Nh6 5. c3 Nd7 6. e4 c5 7. Qb3 Nb6 8. dxc5
dxc5 9. Be3 Qc7 10. h3 Bd7 11. Bb5 a6 12. Bxd7+ Nxd7 13. Nbd2 e6 14. O-O-O Ke7
15. g4 Rhd8 16. g5 Ng8 17. f5 gxf5 18. exf5 exf5 19. Nh4 Kf8 20. Rhf1 Ne7 21.
Nxf5 Nxf5 22. Rxf5 Ne5 23. Rdf1 Qe7 24. Bxc5 Qxc5 25. Rxf7+ 1-0

[Event "4NCL"]
[Site "De Vere, Sunningdale, ENG"]
[Date "2011.02.19"]
[Round "5.43"]
[White "Wrigley, Simon"]
[Black "Brookfield, Toby N"]
[Result "0-1"]
[WhiteElo "1769"]
[BlackElo "1793"]
[PlyCount "44"]
[EventDate "2011.??.??"]
[WhiteTeam "Guildford A&DC 4"]
[BlackTeam "Channel Isolani"]

1. Nc3 f5 2. e4 fxe4 3. d3 e3 4. Bxe3 Nf6 5. d4 e6 6. Bd3 Bb4 7. Nf3 O-O 8. a3
Bxc3+ 9. bxc3 b6 10. c4 Bb7 11. Qe2 Qe8 12. d5 exd5 13. O-O d6 14. Qd2 Nbd7 15.
cxd5 Bxd5 16. Be2 Qg6 17. Nh4 Qf7 18. Nf3 Rae8 19. c4 Ba8 20. Ng5 Qe7 21. Rae1
Ne4 22. Nxe4 Qxe4 0-1

[Event "4NCL"]
[Site "De Vere, Sunningdale, ENG"]
[Date "2011.02.19"]
[Round "5.43"]
[White "Smith, David"]
[Black "Ward, Matthew J"]
[Result "0-1"]
[WhiteElo "1726"]
[BlackElo "1787"]
[PlyCount "82"]
[EventDate "2011.??.??"]
[WhiteTeam "Channel Isolani"]
[BlackTeam "Guildford A&DC 4"]

1. d4 Nf6 2. Nf3 d5 3. Bf4 c5 4. c3 Qb6 5. Qc2 Nc6 6. e3 Bg4 7. Be2 e6 8. Nbd2
cxd4 9. exd4 Be7 10. Qb3 Qxb3 11. axb3 O-O 12. h3 Bh5 13. Ne5 Nxe5 14. Bxe5
Bxe2 15. Kxe2 Nd7 16. Bg3 Bf6 17. Nf3 a6 18. Rhe1 Rac8 19. Kf1 Rc6 20. Bf4 h6
21. Re2 g5 22. Bd2 Kg7 23. g4 Rb6 24. b4 Ra8 25. Be3 Rb5 26. Rc2 Rc8 27. Rac1
a5 28. bxa5 Rxa5 29. b3 Ra3 30. Nd2 e5 31. Ke2 Re8 32. Kd1 Rc8 33. Ke2 Nb8 34.
dxe5 Bxe5 35. Bd4 Re8 36. Kf3 Bxd4 37. cxd4 Nc6 38. Rc5 Nxd4+ 39. Kg2 Ra2 40.
Rxd5 Rxd2 41. Rc4 Nxb3 0-1

[Event "4NCL"]
[Site "De Vere, Sunningdale, ENG"]
[Date "2011.02.19"]
[Round "5.44"]
[White "Burke, Steven J"]
[Black "Vikanis, Georgs"]
[Result "1/2-1/2"]
[WhiteElo "2040"]
[BlackElo "2042"]
[PlyCount "85"]
[EventDate "2011.??.??"]
[WhiteTeam "e2e4.org.uk 3"]
[BlackTeam "Banbury Bulldogs"]

1. f4 d5 2. Nf3 g6 3. g3 Bg7 4. Bg2 c6 5. d3 Nh6 6. c3 Nf5 7. e4 dxe4 8. dxe4
Qxd1+ 9. Kxd1 Nd6 10. Nbd2 O-O 11. Kc2 Nd7 12. Nh4 Nc5 13. a4 e5 14. b4 Nd7 15.
Rf1 Rd8 16. Nhf3 f5 17. exf5 e4 18. Nd4 Bxd4 19. cxd4 gxf5 20. Bb2 Nf6 21. h3
Nd5 22. Rg1 Nxb4+ 23. Kd1 Be6 24. Ra3 Nd3 25. Bc3 b5 26. Ba5 Rd7 27. axb5 Nxb5
28. Rxd3 exd3 29. Bxc6 Rc8 30. Bxb5 Rd5 31. Bc4 Rd6 32. Bb4 Rdc6 33. Bxe6+ Rxe6
34. Bc5 Ra6 35. Nb3 Rb8 36. Nc1 Rb1 37. Kd2 Raa1 38. d5 Ra5 39. Bd4 Rxd5 40.
Kxd3 a5 41. Rd1 a4 42. Kc2 Rb8 43. Ne2 1/2-1/2

[Event "4NCL"]
[Site "De Vere, Sunningdale, ENG"]
[Date "2011.02.19"]
[Round "5.44"]
[White "van der Westhuizen, Charles V"]
[Black "Vikanis, Egils"]
[Result "1/2-1/2"]
[WhiteElo "1891"]
[BlackElo "1882"]
[PlyCount "153"]
[EventDate "2011.??.??"]
[WhiteTeam "e2e4.org.uk 3"]
[BlackTeam "Banbury Bulldogs"]

1. d4 d5 2. c4 e6 3. Nc3 Nf6 4. cxd5 exd5 5. Bf4 Bb4 6. a3 Bxc3+ 7. bxc3 O-O 8.
e3 Bf5 9. Nf3 Nbd7 10. Be2 c6 11. O-O Ne4 12. c4 Nc3 13. Qd2 Nxe2+ 14. Qxe2
dxc4 15. Qxc4 Nb6 16. Qc5 Qd5 17. Rfc1 Be4 18. Qxd5 Nxd5 19. Bg3 Bxf3 20. gxf3
Rac8 21. Rab1 b5 22. Bd6 Rfe8 23. Bc5 a6 24. Rc2 f6 25. Rbc1 Kf7 26. Bd6 Ke6
27. Rxc6 Rxc6 28. Rxc6 Kd7 29. Rxa6 Re6 30. Ra5 Rxd6 31. Rxb5 Nc7 32. Rb3 Ra6
33. Kg2 Ra7 34. f4 Kc6 35. Rc3+ Kd6 36. Kf3 Nb5 37. Rc5 Nxa3 38. e4 Nb1 39. e5+
fxe5 40. fxe5+ Kd7 41. d5 Nd2+ 42. Ke3 Nb3 43. Rb5 Na5 44. Kd4 Nb7 45. Rb4 Nd8
46. e6+ Ke7 47. Ke5 Ra5 48. Ke4 Ra2 49. Rc4 Rxf2 50. Rc7+ Kf6 51. Rd7 Nxe6 52.
dxe6 Re2+ 53. Kf3 Rxe6 54. Rb7 h6 55. Ra7 g6 56. Ra8 Kg5 57. Ra4 h5 58. h4+ Kh6
59. Kg3 Re1 60. Rb4 Rg1+ 61. Kh3 Re1 62. Kg3 Kg7 63. Rb6 Kf7 64. Ra6 Re6 65.
Ra5 Kf6 66. Kf4 Rb6 67. Kg3 Rb3+ 68. Kg2 Re3 69. Rb5 Re5 70. Rb3 Re4 71. Kg3
Rg4+ 72. Kh3 Kf5 73. Rb5+ Ke6 74. Ra5 Re4 75. Rb5 Re5 76. Rb3 Re4 77. Rb5
1/2-1/2

[Event "4NCL"]
[Site "De Vere, Sunningdale, ENG"]
[Date "2011.02.19"]
[Round "5.44"]
[White "Jackson, Gary C"]
[Black "Hewitt, Sean D"]
[Result "0-1"]
[WhiteElo "1874"]
[BlackElo "1923"]
[PlyCount "82"]
[EventDate "2011.??.??"]
[WhiteTeam "Banbury Bulldogs"]
[BlackTeam "e2e4.org.uk 3"]

1. e4 e5 2. Nf3 Nc6 3. Bb5 a6 4. Ba4 Nf6 5. d4 exd4 6. O-O Be7 7. e5 Ne4 8.
Nxd4 Nc5 9. Nf5 Rg8 10. Nc3 Nxa4 11. Nxa4 d5 12. exd6 Bxf5 13. dxe7 Qxd1 14.
Rxd1 Bxc2 15. Rd2 Bxa4 16. b3 Bxb3 17. axb3 Nxe7 18. Re2 O-O-O 19. Bg5 f6 20.
Be3 Nf5 21. Bc5 Rd5 22. Rc1 Rgd8 23. Ree1 Kb8 24. f3 b6 25. Bf2 R8d7 26. b4 Kb7
27. Kf1 Rd2 28. Rc4 Nd6 29. Rh4 g6 30. Rf4 f5 31. Be3 Rd5 32. Rh4 Nb5 33. Rc4
Rd1 34. Rxd1 Rxd1+ 35. Ke2 Rd7 36. g3 Nd6 37. Rc2 b5 38. Rd2 Kc6 39. Rb2 Kb7
40. Rd2 Re7 41. Kf2 Rxe3 0-1

[Event "4NCL"]
[Site "De Vere, Sunningdale, ENG"]
[Date "2011.02.19"]
[Round "5.45"]
[White "Kitchen, Peter J"]
[Black "Perez Carballo, Manuel"]
[Result "0-1"]
[WhiteElo "1866"]
[BlackElo "2160"]
[PlyCount "66"]
[EventDate "2011.??.??"]
[WhiteTeam "Celtic Tigers 2"]
[BlackTeam "Metropolitan"]

1. e4 c5 2. Nf3 e6 3. d4 cxd4 4. Nxd4 Nc6 5. Be3 a6 6. Be2 Qc7 7. O-O Nf6 8.
Nc3 b5 9. Nxc6 dxc6 10. Qd3 Be7 11. f4 O-O 12. Bf3 Rd8 13. Qe2 Bb7 14. g4 c5
15. g5 Nd7 16. Kh1 Bc6 17. h4 b4 18. Nd1 Bb5 19. Qf2 Bxf1 20. Qxf1 c4 21. Qg2
Bc5 22. e5 Ra7 23. h5 Nb6 24. Be4 g6 25. Qh3 Nd5 26. hxg6 hxg6 27. Bxd5 Rxd5
28. Nf2 Bxe3 29. Ng4 Qc6 30. Nf6+ Kf8 31. Qh8+ Ke7 32. Ng8+ Kd7 33. Nf6+ Kc7
0-1

[Event "4NCL"]
[Site "De Vere, Sunningdale, ENG"]
[Date "2011.02.19"]
[Round "5.45"]
[White "Dickson, George"]
[Black "Wagner, Guy"]
[Result "1-0"]
[WhiteElo "2104"]
[BlackElo "1900"]
[PlyCount "69"]
[EventDate "2011.??.??"]
[WhiteTeam "Metropolitan"]
[BlackTeam "Celtic Tigers 2"]

1. d4 d5 2. Bf4 c5 3. e4 Nf6 4. e5 Nfd7 5. Bd3 e6 6. c3 Nc6 7. Nf3 Be7 8. O-O
Nf8 9. dxc5 g5 10. Be3 g4 11. Nd4 Nxe5 12. Bb5+ Bd7 13. Qe2 Qc7 14. Bf4 Bf6 15.
Na3 O-O-O 16. Bxd7+ Rxd7 17. Bg3 Nfg6 18. b4 h5 19. Nab5 Qb8 20. c6 Re7 21. c7
Rxc7 22. Nxc7 Qxc7 23. f4 gxf3 24. Nxf3 Nxf3+ 25. Qxf3 Be5 26. Bxe5 Nxe5 27.
Qf4 Qb6+ 28. Qd4 Rg8 29. Qxb6 axb6 30. Rae1 Nc4 31. Rxf7 e5 32. Ref1 e4 33.
Rf8+ Rxf8 34. Rxf8+ Kd7 35. Rf5 1-0

[Event "4NCL"]
[Site "De Vere, Sunningdale, ENG"]
[Date "2011.02.19"]
[Round "5.45"]
[White "Varley, David A"]
[Black "Vachtfeidl, Petr"]
[Result "0-1"]
[WhiteElo "1818"]
[BlackElo "2004"]
[PlyCount "96"]
[EventDate "2011.??.??"]
[WhiteTeam "Celtic Tigers 2"]
[BlackTeam "Metropolitan"]

1. d4 Nf6 2. Bg5 c5 3. Bxf6 gxf6 4. d5 Qb6 5. Qc1 Bh6 6. e3 d6 7. c3 f5 8. Nd2
Nd7 9. Nc4 Qc7 10. a4 Nf6 11. Qd1 f4 12. exf4 Bxf4 13. g3 Bh6 14. Bg2 Bf5 15.
Qe2 b6 16. h3 O-O 17. Ne3 Bd7 18. Nf3 Kh8 19. Ng4 Bg7 20. Ne3 Rab8 21. c4 a6
22. Qc2 e6 23. Rd1 b5 24. Ng4 exd5 25. Nxf6 Bxf6 26. Rxd5 Qa5+ 27. Kf1 Qxa4 28.
Qxa4 bxa4 29. Rxd6 Be6 30. Kg1 Bxb2 31. Rxa6 a3 32. Kh2 Bxc4 33. Ra4 Bb3 34.
Ra7 a2 35. Nd2 c4 36. Bd5 a1=Q 37. Raxa1 Bxa1 38. Rxa1 Rfd8 39. Nxb3 Rxd5 40.
Nc1 Rd2 41. Ra3 Rxf2+ 42. Kg1 Rbb2 43. Ra4 Rg2+ 44. Kh1 Rh2+ 45. Kg1 Rbg2+ 46.
Kf1 Rc2 47. Kg1 Rhd2 48. Ra8+ Kg7 0-1

[Event "4NCL"]
[Site "De Vere, Sunningdale, ENG"]
[Date "2011.02.19"]
[Round "5.46"]
[White "Kalid, Raphael"]
[Black "Mures, Cristian"]
[Result "0-1"]
[WhiteElo "1826"]
[BlackElo "2260"]
[PlyCount "134"]
[EventDate "2011.??.??"]
[WhiteTeam "KJCA Knights"]
[BlackTeam "British Universities CA"]

1. e4 e6 2. d4 d5 3. e5 Qd7 4. Nf3 b6 5. Bd3 Ba6 6. Bf4 Bxd3 7. Qxd3 c5 8. c3
Nc6 9. Nbd2 cxd4 10. Nxd4 Nge7 11. Nxc6 Nxc6 12. Nf3 Rc8 13. Rd1 Be7 14. O-O
Qb7 15. Qe2 O-O 16. Nd4 Nxd4 17. Rxd4 Bc5 18. Rd2 b5 19. Qg4 b4 20. Rd3 f5 21.
Qh5 bxc3 22. bxc3 g6 23. Rg3 Qf7 24. Qe2 Be7 25. Rd3 Rc4 26. Qd2 Rfc8 27. Be3
Bc5 28. Bxc5 R4xc5 29. Rb1 Qc7 30. f4 Rb8 31. Rc1 Rb4 32. Rd4 Rxd4 33. Qxd4 Rc4
34. Qd2 d4 35. g3 Rxc3 36. Rd1 d3 37. Qe3 Qd7 38. Rd2 Qd5 39. Qe1 Rc2 40. a3
Qc5+ 41. Kf1 Qxa3 42. Kf2 Qc5+ 43. Kf1 Rxd2 44. Qxd2 Qc2 45. Qa5 Qb1+ 46. Kf2
Qb6+ 47. Qxb6 axb6 48. Ke3 Kf7 49. Kxd3 Ke7 50. Kc4 Kd7 51. Kb5 Kc7 52. h3 h5
53. h4 Kb7 54. Kb4 Kc6 55. Kc4 b5+ 56. Kb4 Kb6 57. Kb3 Kc5 58. Kc3 b4+ 59. Kb3
Kb5 60. Kb2 Kc4 61. Kc2 b3+ 62. Kb2 Kb4 63. Kb1 Kc3 64. Kc1 b2+ 65. Kb1 Kb3 66.
g4 hxg4 67. h5 g3 0-1

[Event "4NCL"]
[Site "De Vere, Sunningdale, ENG"]
[Date "2011.02.19"]
[Round "5.46"]
[White "Raoof, Adam N"]
[Black "Balendran, Baven"]
[Result "1-0"]
[WhiteElo "2149"]
[BlackElo "1818"]
[PlyCount "101"]
[EventDate "2011.??.??"]
[WhiteTeam "British Universities CA"]
[BlackTeam "KJCA Knights"]

1. e4 e5 2. Nf3 Nc6 3. Bb5 a6 4. Ba4 Nf6 5. d3 Be7 6. Bxc6 dxc6 7. Nxe5 O-O 8.
O-O Re8 9. Nf3 Bg4 10. h3 Bh5 11. Be3 Bd6 12. Nbd2 c5 13. Qe1 Qd7 14. Nh4 Be5
15. Nc4 Bd4 16. Bxd4 cxd4 17. f4 b5 18. Ne5 Qd8 19. g4 Bg6 20. Qg3 Bxe4 21.
dxe4 Nxe4 22. Qg2 Qxh4 23. Qxe4 Qxh3 24. Rfe1 Rad8 25. Qg2 Qh4 26. Nf3 Qf6 27.
Rxe8+ Rxe8 28. Ne5 Qd6 29. Rd1 f6 30. Qc6 Qd8 31. Nf3 Qc8 32. f5 Rd8 33. Rxd4
Rxd4 34. Nxd4 Qd8 35. Kg2 h6 36. c3 Kh7 37. Kg3 g6 38. fxg6+ Kxg6 39. Qe4+ Kf7
40. Qh7+ Ke8 41. Qg8+ Ke7 42. Nc6+ Kd6 43. Nxd8 c5 44. Qe6+ Kc7 45. Kf4 Kxd8
46. Qf7 b4 47. Kf5 bxc3 48. Ke6 Kc8 49. Kd6 Kb8 50. Kc6 cxb2 51. Qb7# 1-0

[Event "4NCL"]
[Site "De Vere, Sunningdale, ENG"]
[Date "2011.02.19"]
[Round "5.46"]
[White "Davis, Alexei"]
[Black "Chipanga, Takaedza"]
[Result "0-1"]
[WhiteElo "1770"]
[BlackElo "2140"]
[PlyCount "60"]
[EventDate "2011.??.??"]
[WhiteTeam "KJCA Knights"]
[BlackTeam "British Universities CA"]

1. d4 d5 2. Nf3 Nf6 3. e3 c5 4. b3 Nc6 5. Bb2 Bf5 6. a3 e6 7. Nbd2 Be7 8. Be2
Rc8 9. Rc1 O-O 10. O-O cxd4 11. exd4 a6 12. Ne5 Nd7 13. f4 Ndxe5 14. fxe5 Bg5
15. Kh1 Be3 16. b4 Nxd4 17. Bxd4 Bxd4 18. Nf3 Bb2 19. c3 Bxc1 20. Qxc1 Qc7 21.
Qd2 Qxc3 22. Qxc3 Rxc3 23. Ra1 Rfc8 24. h3 Rc1+ 25. Rxc1 Rxc1+ 26. Kh2 Ra1 27.
b5 Rxa3 28. Nd4 axb5 29. Nxb5 Re3 30. Bf3 Rxe5 0-1

[Event "4NCL"]
[Site "De Vere, Sunningdale, ENG"]
[Date "2011.02.19"]
[Round "5.46"]
[White "Sagues, Vincent"]
[Black "Paul, Barnaby J"]
[Result "1-0"]
[WhiteElo "1972"]
[BlackElo "1618"]
[PlyCount "87"]
[EventDate "2011.??.??"]
[WhiteTeam "British Universities CA"]
[BlackTeam "KJCA Knights"]

1. e4 e5 2. Nf3 Nc6 3. Bb5 a6 4. Ba4 Nf6 5. O-O Bc5 6. Re1 d6 7. c3 b5 8. Bc2
O-O 9. h3 Bb7 10. d4 exd4 11. cxd4 Bb6 12. a3 Re8 13. Nc3 b4 14. Na4 bxa3 15.
bxa3 Ba7 16. Rb1 Rb8 17. Qd3 h6 18. Rxb7 Rxb7 19. Qxa6 Rb8 20. Qxc6 Qd7 21. Qa6
c5 22. dxc5 dxc5 23. Qc4 Qe6 24. Qxe6 Rxe6 25. Nc3 Bb6 26. Nd5 Ba5 27. Nxf6+
Rxf6 28. Rd1 Rd8 29. Rxd8+ Bxd8 30. Kf1 Re6 31. Ke2 f5 32. Bb3 Kf7 33. Bxe6+
Kxe6 34. exf5+ Kxf5 35. Kd3 Ke6 36. Kc4 Be7 37. Be3 Kd7 38. Bxc5 Bd8 39. Kb5
Kc8 40. Kc6 Kb8 41. a4 g5 42. Ne5 Ba5 43. Bb6 Be1 44. a5 1-0

[Event "4NCL"]
[Site "De Vere, Sunningdale, ENG"]
[Date "2011.02.19"]
[Round "5.46"]
[White "Huser, Hector AP"]
[Black "Sargent, John R"]
[Result "1-0"]
[WhiteElo "1618"]
[BlackElo "1806"]
[PlyCount "99"]
[EventDate "2011.??.??"]
[WhiteTeam "KJCA Knights"]
[BlackTeam "British Universities CA"]

1. e4 c5 2. Nc3 Nc6 3. Bc4 e6 4. d3 g6 5. f4 Bg7 6. Nf3 Nge7 7. O-O O-O 8. a3
d5 9. Ba2 a6 10. Qe1 b6 11. Qh4 Bb7 12. f5 dxe4 13. Ng5 h6 14. fxe6 Bd4+ 15.
Kh1 hxg5 16. exf7+ Kg7 17. Bxg5 Rh8 18. f8=Q+ Qxf8 19. Rxf8 Rxh4 20. Rxa8 Bxa8
21. Bxh4 Nf5 22. Bg3 Nxg3+ 23. hxg3 e3 24. Ne2 Bxb2 25. Rb1 Nd4 26. Nxd4 Bxd4
27. Be6 Kf6 28. Bg4 b5 29. Rf1+ Ke5 30. Be2 Bd5 31. Rc1 Bc3 32. Kg1 c4 33. Kf1
Kd4 34. Rd1 Bd2 35. Bf3 Kc3 36. Bxd5 cxd3 37. cxd3 Kxd3 38. Bf3 a5 39. Rb1 b4
40. axb4 axb4 41. Ra1 b3 42. Ra6 b2 43. Rb6 Kc2 44. Ke2 g5 45. g4 Kc3 46. Be4
Bc1 47. Rb5 Kd4 48. Bb1 Kc3 49. Rxg5 Bd2 50. Rf5 1-0

[Event "4NCL"]
[Site "De Vere, Sunningdale, ENG"]
[Date "2011.02.19"]
[Round "5.47"]
[White "Horton, Jamie A"]
[Black "Neatherway, A Philip"]
[Result "0-1"]
[WhiteElo "1882"]
[BlackElo "1930"]
[PlyCount "102"]
[EventDate "2011.??.??"]
[WhiteTeam "3Cs 2"]
[BlackTeam "Oxford 3"]

1. e4 d5 2. exd5 Qxd5 3. Nc3 Qd6 4. d4 Nf6 5. Bd3 a6 6. Nge2 Nc6 7. O-O Bg4 8.
f3 Bh5 9. Be3 O-O-O 10. Ne4 Nxe4 11. Bxe4 e6 12. c4 Be7 13. Qa4 Bf6 14. Rfd1
Bg6 15. a3 Rhe8 16. b4 Bxe4 17. fxe4 e5 18. c5 Qe7 19. d5 Nd4 20. Ng3 Bg5 21.
Bxg5 Qxg5 22. c6 Qe3+ 23. Kh1 Nb5 24. cxb7+ Kxb7 25. Qc2 Qb6 26. a4 Nd4 27. Qc4
Rd6 28. Rac1 Kb8 29. Ra1 g6 30. b5 a5 31. Rac1 h5 32. Ne2 Nxe2 33. Qxe2 Ka7 34.
Rc4 Re7 35. Rdc1 f5 36. exf5 gxf5 37. Qd2 e4 38. Rc6 Rxc6 39. Rxc6 e3 40. Qe1
Qd4 41. Qxa5+ Kb8 42. Qe1 e2 43. Rc1 Qxd5 44. h3 f4 45. Kh2 f3 46. gxf3 Qxf3
47. Qg1 Qf4+ 48. Kh1 Qxc1 49. Qxc1 e1=Q+ 50. Qxe1 Rxe1+ 51. Kg2 Ra1 0-1

[Event "4NCL"]
[Site "De Vere, Sunningdale, ENG"]
[Date "2011.02.19"]
[Round "5.47"]
[White "Mate, Maria"]
[Black "Burke, Mitchell R"]
[Result "0-1"]
[WhiteElo "1818"]
[BlackElo "1898"]
[PlyCount "150"]
[EventDate "2011.??.??"]
[WhiteTeam "Oxford 3"]
[BlackTeam "3Cs 2"]

1. e4 g6 2. d4 Bg7 3. c4 d6 4. Nf3 Nd7 5. Nc3 c5 6. Be3 cxd4 7. Bxd4 Ngf6 8.
Be2 O-O 9. O-O b6 10. Re1 Bb7 11. Bd3 Nc5 12. Nd5 Nfd7 13. Bxg7 Kxg7 14. Bc2
Rc8 15. b3 Ne5 16. Nd4 Ne6 17. Qd2 Nxd4 18. Qxd4 Kg8 19. f4 Nd7 20. Rac1 a6 21.
Qd3 Nc5 22. Qh3 e6 23. Nc3 Qf6 24. Qe3 Bc6 25. Rcd1 Nb7 26. e5 Qh4 27. g3 Qh3
28. Be4 dxe5 29. Bxc6 Rxc6 30. Qxe5 Qf5 31. Qxf5 gxf5 32. Rd3 Rfc8 33. Nb1 Nc5
34. Rd4 Ne4 35. Nd2 Nxd2 36. Rxd2 b5 37. cxb5 axb5 38. Kf2 Kf8 39. Re5 Rb8 40.
Ke2 Ke7 41. Re3 Ra6 42. Rc3 Rb7 43. Kf3 Rba7 44. Rcc2 Rd6 45. Ke3 f6 46. Rd3 h5
47. Rdc3 Rda6 48. Rc7+ Rxc7 49. Rxc7+ Kd6 50. Rc2 e5 51. fxe5+ fxe5 52. h3 Ra8
53. Rf2 Ke6 54. Rc2 Kd6 55. Rf2 Ke6 56. Rc2 h4 57. Kf3 hxg3 58. Kxg3 b4 59. Rc4
Rxa2 60. Rxb4 Kd5 61. Rb5+ Kd4 62. Rb8 Ke4 63. Rb4+ Ke3 64. Rb5 f4+ 65. Kg4 e4
66. Rb4 f3 67. Kf5 Ra5+ 68. Kg4 f2 69. Ra4 Rxa4 70. bxa4 f1=Q 71. h4 Qd1+ 72.
Kg5 Qxa4 73. Kg6 Kf4 74. h5 Qc6+ 75. Kg7 Kg5 0-1

[Event "4NCL"]
[Site "De Vere, Sunningdale, ENG"]
[Date "2011.02.19"]
[Round "5.47"]
[White "Clements, Thomas A"]
[Black "Terry, Sean"]
[Result "0-1"]
[WhiteElo "1886"]
[BlackElo "1861"]
[PlyCount "70"]
[EventDate "2011.??.??"]
[WhiteTeam "3Cs 2"]
[BlackTeam "Oxford 3"]

1. e4 c5 2. Nf3 Nc6 3. Bb5 g6 4. Bxc6 dxc6 5. h3 Bg7 6. d3 b6 7. Nc3 e5 8. Be3
Ne7 9. Qd2 h6 10. Nh2 g5 11. Ne2 f5 12. exf5 Nxf5 13. O-O-O Be6 14. Nc3 Qe7 15.
f3 O-O-O 16. Bf2 c4 17. Qe2 Nd4 18. Qd2 cxd3 19. cxd3 Qc5 20. Kb1 Qa5 21. a3
Bb3 22. Rc1 Kb7 23. Ng4 Be6 24. Rce1 Bf5 25. Qe3 Nb3 26. Nxe5 Rhe8 27. Nc4 Qa6
28. Qxe8 Bxd3+ 29. Ka2 Rxe8 30. Nd6+ Kc7 31. Nxe8+ Kd7 32. Nxg7 Qc4 33. Re4
Nc1+ 34. Ka1 Qa2+ 35. Nxa2 Nb3# 0-1